El increíble viaje de la abuela / (Registro nro. 15799)

Detalles MARC
000 - LÍDER
campo de control de longitud fija 00949nam a2200277 i 4500
005 - FECHA Y HORA DE LA ÚLTIMA TRANSACCIÓN
campo de control 20210818182346.0
008 - ELEMENTOS DE DATOS DE LONGITUD FIJA - INFORMACIÓN GENERAL
campo de control de longitud fija 160217s2011 sp a cr 000 j spa d
020 ## - INTERNATIONAL STANDARD BOOK NUMBER
International Standard Book Number 9788415116110
040 ## - FUENTE DE CATALOGACIÓN
Agencia de catalogación original COMFC
Lenguaje de catalogación spa
Descripción convenciones rda
041 1# - CÓDIGO DE LENGUAJE
Código de idioma de texto / pista de sonido o título separado spa
Código de idioma del original ita
082 04 - NÚMERO DE CLASIFICACIÓN DECIMAL DEWEY
Número de clasificación 853.91
Número de artículo C153i
100 1# - ENTRADA PRINCIPAL - NOMBRE PERSONAL
Nombre de la persona Calì, Davide
Fechas asociadas a un nombre 1972-
9 (RLIN) 55633
245 13 - TÍTULO DECLARACIÓN
Título El increíble viaje de la abuela /
Declaración de responsabilidad Davide Calì ; ilustración Anna Laura Cantone.
264 01 - AVISO DE PRODUCCIÓN, PUBLICACIÓN, DISTRIBUCIÓN, FABRICACIÓN Y DERECHOS DE AUTOR
Lugar de producción Madrid :
Nombre del productor Ediciones Jaguar,
Fecha de producción 2011.
300 ## - DESCRIPCIÓN FÍSICA
Alcance [26] páginas :
Otros datos físicos ilustraciones ;
Dimensiones 30 cm.
336 ## - TIPO DE CONTENIDO
Fuente rdacontent
Tipo de contenido txt
337 ## - TIPO DE MEDIO
Fuente rdamedia
Término del tipo de medio n
338 ## - TIPO DE PORTADOR
Fuente rdacarrier
Término del tipo de operador nc
490 1# - DECLARACIÓN EN SERIE
Estado de cuenta de la serie Miau
650 #4 - ENTRADA DE SUJETO AÑADIDO - TÉRMINO TÓPICO
Término tópico o elemento de entrada del nombre geográfico Cuentos infantiles italianos.
650 #4 - ENTRADA DE SUJETO AÑADIDO - TÉRMINO TÓPICO
Término tópico o elemento de entrada del nombre geográfico Abuelas
Subdivisión de forma Cuentos infantiles.
650 #0 - ENTRADA DE SUJETO AÑADIDO - TÉRMINO TÓPICO
Término tópico o elemento de entrada del nombre geográfico Libros Ilustrados Para Niños
9 (RLIN) 21021
650 #4 - ENTRADA DE SUJETO AÑADIDO - TÉRMINO TÓPICO
Término tópico o elemento de entrada del nombre geográfico Viajes
Subdivisión de forma Cuentos infantiles.
700 1# - ENTRADA AGREGADA - NOMBRE PERSONAL
Nombre de la persona Cantone, Anna Laura,
Fechas asociadas a un nombre 1977-,
Término del Relator ill
942 ## - ELEMENTOS DE ENTRADA AGREGADOS (KOHA)
Fuente de clasificación o esquema de estanterías Dewey Decimal Classification
Parte de clasificación 853.91 C153i
Prefijo del número de llamada 853.91
Sufijo del número de llamada C153i
Existencias
Estado de retirada Pérdida de estatus Fuente de clasificación o esquema de estanterías Estado dañado No para préstamo Código de recogida Ubicación permanente Ubicación actual Ubicación de las estanterías Fecha de adquisición Total de Cajas Número Topográfico Código de barras Precio efectivo desde Número de copia Fecha de la última salida Fecha de la última vez que se vio Tipo de artículo Koha Nota pública
    Dewey Decimal Classification     General Biblioteca Pública Departamental Comfamiliar Risaralda Biblioteca Pública Departamental Comfamiliar Risaralda Área General 21/01/2020 1 853.91 C153i 1005048 21/01/2020 Ej. 1 10/11/2020 27/11/2020 Libro Cuentos Infantiles